000 00940nam a2200301 a 4500
001 000115883
003 CHAP
005 20220329144552.0
008 190719s2014 mx |r| ||||||spa d
010 _a112344
011 _a113316
020 _a9786077360667
040 _cCHAP
082 0 4 _a636.20852
_bI58
245 0 0 _aInnovación y uso de recursos locales en la elaboración de bloques nutricionales para ganadería tropical /
_cpor René Pinto Ruiz ...(et al.).
260 _aMéxico, D. F. :
_bFontamara,
_c2014.
300 _a102 p.
490 _aArgumentos
_v217
590 _aE5765TAJ
_b05
_c20190719
_lUCH01
_h1010
650 1 4 _aAlimentos y alimentación del ganado
_94326
650 1 4 _aGanadería
_xInnovaciones tecnológicas.
_944755
650 1 4 _aPlantas forrajeras
_xTrópicos.
_988989
700 0 _aPinto Ruiz, René.
_988297
830 0 _aArgumentos
_v217
_97027
901 _aBK
942 _cLIBRO
942 _n0
999 _c112344
_d112344